000 00692nam a22002177a 4500
005 20170124105917.0
010 _aB-129027
020 _c595.00
_a9788178882147
035 _aB-129027
037 _bCen Lib/Ret
040 _aDPL
_bEN
082 _a025.8
_bGRE
100 _aGrewal, Gagandeep
_92883
245 _a Handbook of library security /
_cby Gagandeep Grewal
260 _aNew Delhi
_bDominant Publishers
_c2004
270 _a4378/4-B, Murari La Street, Ansari Road, Darya Ganj
_bNew Delhi
_e110002
300 _av, 291p.
_c21cm(Hb)
650 _aLibrary Science
_vHandbook
_9105205
650 _aLibrary System
_vHandbook
_92885
942 _2ddc
_cEN
_h025.8
_mGRE
999 _c122886
_d122886